000 00699nam a2200277Ia 4500
005 20260324150937.0
008 008 260324s9999 xx 000 0 eng d
020 _a9781315124346
037 _aEBOOK
040 _aCRL
040 _beng
040 _cCRL
041 _2eng
041 _aeng
084 _qCRL
100 _aMabel Craven Buer
_91228173
245 0 _aRevival: Health, Wealth, and Population in the early days of the Industrial Revolution (1926)
260 _bTaylor and Francis
260 _c1926
365 _a
365 _b300
856 _uhttp://www.taylorfrancis.com/books/9781315124346
942 _cEBOOK
999 _c1838473
_d1838473